Statistics for NHL Players Scoring 5 Goals in a Game

Click here to take the quiz!

General Stats

  • This quiz has been taken 216 times
  • The average score is 10 of 44

Answer Stats

Answer% Correct
Wayne Gretzky
92%
Mario Lemieux
88%
Maurice Richard
73%
Jari Kurri
66%
Marian Gaborik
54%
Darryl Sittler
51%
Syd Howe
51%
Bryan Trottier
49%
Mats Sundin
49%
Sergei Fedorov
43%
Peter Bondra
40%
Howie Morenz
34%
Joe Nieuwendyk
32%
Joe Malone
31%
Johan Franzen
29%
Yvan Cournoyer
24%
Bernie Geoffrion
23%
Reggie Leach
23%
Dave Andreychuk
21%
Newsy Lalonde
20%
Red Berenson
14%
Charlie Conacher
12%
Ian Turnbull
12%
Willy Lidstrom
10%
Alexei Zhamnov
9%
Howie Meeker
8%
Babe Dye
7%
John Tonelli
7%
Mike Ricci
7%
Grant Mulvey
6%
Mark Pavelich
6%
Tim Young
6%
Bengt-Ake Gustafsson
5%
Bobby Rousseau
5%
Don Murdoch
5%
Pat Hughes
5%
Red Green
5%
Punch Broadbent
4%
Cy Denneny
3%
Harry Hyland
3%
Mickey Roach
3%
Pit Lepine
2%
Ray Getliffe
2%
Corb Denneny
1%

Score Distribution

Percentile by Number Answered

Percent of People with Each Score

Your Score History

You have not taken this quiz